Godzilla Γκοτζίλα

Ένα γιαπωνέζικο τάνκερ βυθίζεται στον Ειρηνικό Ωκεανό. Διάφορα πλοία χάνονται, ενώ μυστηριώδεις γιγάνιαίες πατημασιές σχηματίζουν ένα απειλητικό μονοπάτι που απλώνεται από τον Παναμά, την Ταϊτή και την Τζαμάικα έως και τη Νέα Υόρκη. Πανικός επικρατεί μπροστά στον άγνωστο κίνδυνο που απειλεί τη μητρό...

Πλήρης περιγραφή

Αποθηκεύτηκε σε:
Λεπτομέρειες βιβλιογραφικής εγγραφής
Άλλοι συγγραφείς: Emmerich, Roland (Διευθυντής), Broderick, Matthew, 1962- (Ηθοποιός), Reno, Jean, 1948- (Ηθοποιός)
Μορφή: Διαφάνειες
Γλώσσα:English
Multiple
Δημοσίευση: [S.l.] : Columbia TriStar Home Entertainment, c2005.
Θέματα:
Ετικέτες: Προσθήκη ετικέτας
Δεν υπάρχουν, Καταχωρήστε ετικέτα πρώτοι!

MARC

LEADER 00000cgm a2200000 i 4500
001 1/2333
008 091203s2005 xx ||| | || ||eng||
035 |l 10105954 
040 |a GR-MyUa  |b gre  |e AACR2 
041 0 |a eng  |j mul 
082 7 |a 791.437   |2 (22) 
245 0 0 |a Godzilla   |h [μαγνητοσκόπηση] =   |b Γκοτζίλα /   |c directed by Roland Emmerich. 
246 1 |i Παράλληλος τίτλος:   |a Γκοτζίλα 
260 |a [S.l.] :   |b Columbia TriStar Home Entertainment,   |c c2005. 
300 |a 1 βιντεοδίσκος (133 λεπτ.) :   |b ομίλ., έγχρ. ;   |c 4 3/4 ίν. 
500 |a Κυκλοφόρησε πρώτη φορά ως κινηματογραφική ταινία το 1998. 
508 |a Σχεδιαστής του Godzilla, Patrick Tatopoulos ; μουσική, David Arnold ; μοντάζ, Peter Amundson, David J. Siegel ; σχεδιασμός παραγωγής, Oliver Scholl ; διεύθυνση φωτογραφίας, Ueli Steiger ; εκτέλεση παραγωγής, Roland Emmerich, Ute Emmerich, William Fay ; βασισμένο στο χαρακτήρα Godzilla σχεδιασμένος από την Toho Co. Ltd ; πλοκή, Ted Eliott, Terry Rossio, Dean Devlin, Roland Emmerich ; σενάριο, Dean Devlin & Roland Emmerich ; παραγωγή, Dean Devlin. 
511 0 |a Matthew Broderich, Jean Reno, Maria Pitillo, Hank Azaria, Kevin Dunn, Michael Lerner, Harry Shearer. 
520 8 |a Ένα γιαπωνέζικο τάνκερ βυθίζεται στον Ειρηνικό Ωκεανό. Διάφορα πλοία χάνονται, ενώ μυστηριώδεις γιγάνιαίες πατημασιές σχηματίζουν ένα απειλητικό μονοπάτι που απλώνεται από τον Παναμά, την Ταϊτή και την Τζαμάικα έως και τη Νέα Υόρκη. Πανικός επικρατεί μπροστά στον άγνωστο κίνδυνο που απειλεί τη μητρόπολη της Αμερική. 
521 8 |a Ακατάλληλο μέχρι 13 χρόνων. 
546 |a Στα αγγλικά με υπότιτλους στα ελληνικά. 
600 0 0 |a Godzilla   |c (Fictitious character)  |v Drama. 
655 7 |a Feature films  |2 lcgft 
700 1 |a Emmerich, Roland,  |e drt 
700 1 |a Broderick, Matthew,   |d 1962-  |e act 
700 1 |a Reno, Jean,   |d 1948-  |e act 
852 |a INST  |b SYROS  |c AV  |e 20091203  |h 791.437 EMM  |p 005500008012  |q 005500008012  |t DVD  |y 23 
901 |a BIBL5-2008-1 
922 |a 5ΕΛΗ  |b 200709  |c Βιβλιοθήκη Σύρου  |d Anaco 
970 |a Κοντού  |b Παρασκευή  |z 03/12/2009